00446 a2200133 450000100060000004000220000624000670002824500620009536200090015765000170016694200070018395201050019099900170029568161 cAnchieta - Pituba10aI Seminário Internacional da Pedagogia da Alternâncialpor10aI Seminário Internacional da Pedagogia da Alternância0 a1999 4aEducação cBK 00104070a91.1b91.1d2023-11-21l0o370 S471 SEMp23526/PITr2023-11-21 18:36:12w2023-11-21yBK c68161d68161